03246cam a22003375a 4500001001000000003000400010005001700014008004100031015001900072016001800091020002500109040003600134082002000170245009200190260006700282300002500349500003300374500002400407504004100431505140100472520058301873650004002456651001002496653002102506650003102527700004302558942000802601999001702609952014102626952014102767016912694OSt20160727123739.0141027s2014 enk frb f001 0 eng d aGBB4B92992bnb7 a0169126942Uk a9781107471047 (pbk.) aStDuBDSbengcStDuBDSdEG-ScBUE04a341.48bEXA22200aExamining critical perspectives on human rights /cedited by Rob Dickinson ... [et al.] aCambridge ; aNew York : bCambridge University Press, c2014. axi, 292 p. ;c23 cm. aOriginally published : 2012. aIndex : p. 279-292. aIncludes bibliographical references. apt. I. Introduction -- Examining critical perspectives on human rights : an introduction / Ole W. Pedersen & C.R.G. Murray -- The international human rights regime : still part of the problem? / David Kennedy -- pt. II. Domestic human rights perspectives -- What is the point of human rights law? / K.D. Ewing -- If you cannot change the rules of the game, adapt to them : United Kingdom responses to the restrictions set by Article 3 ECHR on 'national security' deportations / David Bonner -- The right to security : securing rights or securitizing rights? / Liora Lazarus -- Of fortresses and caltrops : national security and competing models of rights protection / C.R.G. Murray -- pt. III. International human rights law perspectives -- The rule of law and the role of human rights in contemporary international law / Elena Katselli -- The construction of the constitutional essentials of democratic politics by the European Court of Human Rights following Sejdić and Finci / Steven Wheatley -- Universal human rights : a challenge too far / Rob Dickinson -- pt. IV. Theoretical perspectives on human rights -- The reality and hyper-reality of human rights : public consciousness and the mass media / Eric Heinze -- Human rights and the struggle for change : a study in self-critical legal thought / Christine Bell -- Lawfare and the international human rights movement / Richard Mullender. a"Examining Critical Perspectives on Human Rights sets out a practical and theoretical overview of the future of human rights within the United Kingdom and beyond. A number of internationally renowned scholars respond to David Kennedy's contribution 'The International Human Rights Movement: Still Part of the Problem?' from a range of different perspectives. With its combination of theory and practice of international and domestic human rights at this key juncture in the human rights project, it is relevant to all scholars and practitioners with an interest in human rights" 0aHuman rightszGreat Britain.2BUEsh 2BUEsh bLLAAWWcJuly2016 7911033aHuman rights2BUEsh1 aDickinson, Rob,d1952-eeditor.940451 2ddc c22030d22002 00102ddc40708BaccahaMAINbMAINc1STd2016-07-26ePurchaseg336.00h26080l0o341.48 EXAp000032990r2025-07-15 00:00:00v420.00yBB 00102ddc40708BaccahaMAINbMAINc1STd2016-07-26ePurchaseg336.00h26080l0o341.48 EXAp000032991r2025-07-15 00:00:00v420.00yBB